British Overseas Territories - Statistics

General Stats
  • This quiz has been taken 49 times
  • The average score is 8 of 12
Answer Stats
Answer % Correct
Falkland Islands
79%
British Virgin Islands
77%
Bermuda
74%
Gibraltar
69%
St Helena, Ascension and Tristan da Cunha
69%
Cayman Islands
67%
Montserrat
59%
Turks and Caicos Islands
59%
Anguilla
56%
Pitcairn Islands
51%
South Georgia and the South Sandwich Islands
49%
Akrotiri and Dhekelia
41%
No matching quizzes found
Score Distribution
Percent of People with Each Score
Percentile by Number Answered
Your Score History
You have not taken this quiz